[Event "67.ITA Provinciale VE"]
[Site "Santa Maria di Sala"]
[Date "2007.02.04"]
[Round "5.2"]
[White "Biserni, Federica"]
[Black "Vianello, Enrico"]
[Result "0-1"]
[WhiteElo "1392"]
[BlackElo "2150"]
[Annotator "Gabriele Ballarin"]
[PlyCount "62"]
[EventDate "2007.01.27"]
[EventType "swiss"]
[EventRounds "6"]
[EventCountry "ITA"]

1. e4 c5 2. Nc3 Nc6 3. g3 g6 4. Bg2 Bg7 5. d3 Rb8 6. f4 b5 7. Nf3 e6 8. Ne2 Nge7 9. O-O O-O 10. Rb1 b4 11. Be3 d6 12. d4 cxd4 13. Nexd4 Ba6 14. Nxc6 Nxc6 15. Rf2 Qc7 16. Nd4 Ne7 17. Rd2 Rfd8 18. Bh3 Bc4 19. Rc1 e5 20. Nf3 exf4 21. Bxf4 Bxb2 22. Bxd6 Rxd6 23. Rxd6 Bxc1 24. Rd7 Qc5+ 25. Kh1 Bb2 26. Nd2 Bb5 27. Nb3 Qc8 28. Qd6 Bxd7 29. Bxd7 Qd8 30. Nc5 Rb6 31. Qf4 Bd4 0-1

[Event "67.ITA Provinciale VE"]
[Site "Santa Maria di Sala"]
[Date "2007.02.04"]
[Round "5.3"]
[White "Marson, Luca"]
[Black "Trangoni, Bruno"]
[Result "0-1"]
[WhiteElo "1926"]
[BlackElo "1970"]
[Annotator "Gabriele Ballarin"]
[PlyCount "94"]
[EventDate "2007.01.27"]
[EventType "swiss"]
[EventRounds "6"]
[EventCountry "ITA"]

1. e4 g6 2. d4 Bg7 3. Nc3 d6 4. Bc4 c6 5. Qf3 e6 6. Nge2 Ne7 7. Bg5 Nd7 8. Qe3 h6 9. Bh4 b5 10. Bb3 a5 11. a3 O-O 12. O-O Re8 13. Rad1 Bb7 14. Bg3 Nb6 15. Qf4 d5 16. Qc7 Qxc7 17. Bxc7 Nd7 18. Bd6 Ba6 19. Rfe1 Nc8 20. Bg3 Ncb6 21. f3 Bf8 22. Nc1 a4 23. Ba2 b4 24. axb4 Bxb4 25. Nd3 Bxd3 26. Rxd3 a3 27. bxa3 Rxa3 28. Bb3 c5 29. Nb5 Ra5 30. Nd6 Rea8 31. exd5 Bxe1 32. Bxe1 Ra1 33. Kf2 exd5 34. dxc5 Nxc5 35. Rc3 Nxb3 36. Rxb3 Nc4 37. Nxc4 dxc4 38. Rc3 R8a4 39. Ke2 R1a3 40. Kd2 f6 41. Bg3 Rxc3 42. Kxc3 Kf7 43. Bd6 Ke6 44. Bf8 h5 45. Bb4 Kd5 46. Be7 Ra6 47. Bb4 Ra1 0-1

[Event "67.ITA Provinciale VE"]
[Site "Santa Maria di Sala"]
[Date "2007.02.04"]
[Round "5.4"]
[White "Biagioli, Valerio"]
[Black "Civitareale, Alberto"]
[Result "1/2-1/2"]
[WhiteElo "1628"]
[BlackElo "1661"]
[Annotator "Gabriele Ballarin"]
[PlyCount "95"]
[EventDate "2007.01.27"]
[EventType "swiss"]
[EventRounds "6"]
[EventCountry "ITA"]

1. d4 d5 2. c4 e6 3. Nc3 Nf6 4. Bf4 Be7 5. c5 a6 6. e3 O-O 7. Bd3 Nbd7 8. h3 c6 9. Nf3 b6 10. b4 a5 11. a3 axb4 12. axb4 Rxa1 13. Qxa1 Bb7 14. O-O Qa8 15. Qb2 b5 16. Rc1 Qc8 17. Ra1 Bd8 18. Ra7 Bc7 19. Bxc7 Qxc7 20. Qa3 Rb8 21. Qa5 Qc8 22. Kf1 Ra8 23. Rxa8 Qxa8 24. Qxa8+ Bxa8 25. g4 Ne8 26. Nxb5 cxb5 27. Bxb5 Ndf6 28. Bxe8 Nxe8 29. b5 Nc7 30. b6 Na6 31. Ne5 f6 32. Nd3 Kf8 33. Ke1 Ke7 34. Kd2 Kd7 35. Kc3 Bc6 36. Nf4 g6 37. Nd3 Bb5 38. Ne1 Kc6 39. h4 Nb8 40. g5 fxg5 41. hxg5 Nd7 42. Kb4 Be2 43. f4 Nb8 44. Nc2 Nd7 45. Kc3 Ba6 46. Nb4+ Kb5 47. Nc2 Nb8 48. Na3+ 1/2-1/2

[Event "67.ITA Provinciale VE"]
[Site "Santa Maria di Sala"]
[Date "2007.02.04"]
[Round "5.5"]
[White "Cedriano, Filippo"]
[Black "Goattin, Luca"]
[Result "1-0"]
[WhiteElo "2029"]
[BlackElo "1600"]
[Annotator "Gabriele Ballarin"]
[PlyCount "33"]
[EventDate "2007.01.27"]
[EventType "swiss"]
[EventRounds "6"]
[EventCountry "ITA"]

1. e4 e5 2. f4 exf4 3. Bc4 d6 4. Nf3 g5 5. O-O Bg7 6. d3 Nd7 7. h4 h6 8. Nc3 Ne5 9. Nxe5 dxe5 10. Qh5 Qd7 11. Nd5 c6 12. a4 Nf6 13. Nxf6+ Bxf6 14. Be3 b6 15. d4 exd4 16. Bxf4 Qe7 17. Bd6 1-0

[Event "67.ITA Provinciale VE"]
[Site "Santa Maria di Sala"]
[Date "2007.02.04"]
[Round "5.6"]
[White "Urbinati, Niccolò"]
[Black "Velluti, Alberto"]
[Result "0-1"]
[WhiteElo "1503"]
[BlackElo "1997"]
[Annotator "Gabriele Ballarin"]
[PlyCount "118"]
[EventDate "2007.01.27"]
[EventType "swiss"]
[EventRounds "6"]
[EventCountry "ITA"]

1. e4 c5 2. Nf3 Nc6 3. Bc4 e6 4. Nc3 Nge7 5. d3 d5 6. exd5 exd5 7. Bb3 g6 8. Bg5 Be6 9. Bf6 Rg8 10. Ng5 Qd7 11. Nxh7 O-O-O 12. O-O Bg7 13. Nb5 Rh8 14. Bxg7 Rxh7 15. Bf6 a6 16. Nc3 Qd6 17. g3 Bh3 18. Bxe7 Nxe7 19. Re1 Rdh8 20. a3 Be6 21. h4 Nf5 22. Qg4 Nd4 23. Rxe6 Qxe6 24. Qxe6+ fxe6 25. f4 b5 26. Kf2 Kc7 27. Ne2 Nxe2 28. Kxe2 c4 29. Ba2 Re7 30. Ke3 e5 31. fxe5 Rxe5+ 32. Kd4 Kd6 33. b3 Rhe8 34. bxc4 dxc4 35. dxc4 Re4+ 36. Kd3 Re3+ 37. Kd2 Rxa3 38. cxb5 Rf8 39. b6 Rb8 40. b7 a5 41. c3 Kc7 42. Kd3 Rxb7 43. Kc2 Rb6 44. g4 Rc6 45. Kb2 Rcxc3 46. Bf7 Rxa1 47. Kxa1 Rh3 48. h5 g5 49. Be6 Rh2 50. Kb1 Kd6 51. Bf5 Kc5 52. Be6 Kb4 53. Bd5 Kc3 54. Kc1 Rb2 55. h6 Rh2 56. Kb1 Rxh6 57. Ka2 Rd6 58. Be4 Rd4 59. Bf5 Kd2 0-1

[Event "67.ITA Provinciale VE"]
[Site "Santa Maria di Sala"]
[Date "2007.02.04"]
[Round "5.7"]
[White "Franceschini, Corrado"]
[Black "Roberti, Ignazio"]
[Result "0-1"]
[WhiteElo "1527"]
[BlackElo "1933"]
[Annotator "Gabriele Ballarin"]
[PlyCount "67"]
[EventDate "2007.01.27"]
[EventType "swiss"]
[EventRounds "6"]
[EventCountry "ITA"]

1. e4 c5 2. Nf3 e6 3. d4 cxd4 4. Nxd4 a6 5. Nc3 Nc6 6. Be3 Nf6 7. Qd2 Bb4 8. Bd3 d5 9. Nxc6 bxc6 10. a3 Qa5 11. exd5 cxd5 12. O-O Bd6 13. Bg5 Bb7 14. Bxf6 gxf6 15. Qh6 Ke7 16. Rfe1 Rag8 17. b4 Qc7 18. Bxa6 Be5 19. Rxe5 Qxc3 20. Ree1 Bxa6 21. Rad1 Rg6 22. Qf4 Rhg8 23. g3 Rg5 24. b5 Bb7 25. Re3 Qxc2 26. Qb4+ Kd7 27. Rb1 Rf5 28. Rb2 Qd1+ 29. Re1 Qf3 30. Re3 Qd1+ 31. Re1 Qg4 32. Qa5 Qd4 33. Rc2 Rc8 34. Rxc8 0-1

[Event "67.ITA Provinciale VE"]
[Site "Santa Maria di Sala"]
[Date "2007.02.04"]
[Round "5.8"]
[White "Chiodini, Sebastiano"]
[Black "Pomaro, Stefano"]
[Result "0-1"]
[WhiteElo "1428"]
[BlackElo "1901"]
[Annotator "Gabriele Ballarin"]
[PlyCount "104"]
[EventDate "2007.01.27"]
[EventType "swiss"]
[EventRounds "6"]
[EventCountry "ITA"]

1. e4 d5 2. exd5 Qxd5 3. Nc3 Qd6 4. Nf3 Nf6 5. d4 a6 6. Bc4 b5 7. Bb3 Bb7 8. O-O e6 9. Re1 Be7 10. Qd3 O-O 11. Bg5 Nbd7 12. Rad1 c5 13. dxc5 Qxd3 14. Rxd3 Nxc5 15. Rde3 Nxb3 16. axb3 Rfd8 17. h3 h6 18. Bh4 Rac8 19. Ne5 b4 20. Na4 Rxc2 21. R3e2 Rxe2 22. Rxe2 Bd5 23. Re3 Rc8 24. Nd3 Bxb3 25. Nb6 Rd8 26. Nxb4 Bxb4 27. Rxb3 a5 28. Bg3 Rd1+ 29. Kh2 Ne4 30. Nc4 Nxg3 31. Rxg3 Rd4 32. Rg4 Rxg4 33. hxg4 Kf8 34. Kg3 Ke7 35. Kf4 f6 36. Ke4 Kd7 37. f4 Kc6 38. Kd4 Kb5 39. b3 Bc5+ 40. Ke4 Kb4 41. f5 e5 42. Kd3 a4 43. bxa4 e4+ 44. Kxe4 Kxc4 45. a5 Ba7 46. Kf3 Kb5 47. Ke4 Kxa5 48. Kd5 Kb5 49. Ke6 Be3 50. Kf7 Bg5 51. Kxg7 Kc5 52. Kg6 Kd4 0-1

[Event "67.ITA Provinciale VE"]
[Site "Santa Maria di Sala"]
[Date "2007.02.04"]
[Round "5.9"]
[White "Tamburrini, Pierluigi"]
[Black "Zanetto, Marco"]
[Result "1-0"]
[WhiteElo "1855"]
[BlackElo "1822"]
[Annotator "Gabriele Ballarin"]
[PlyCount "71"]
[EventDate "2007.01.27"]
[EventType "swiss"]
[EventRounds "6"]
[EventCountry "ITA"]

1. e4 e5 2. Nf3 Nc6 3. Bb5 a6 4. Ba4 Nf6 5. O-O b5 6. Bb3 Be7 7. Re1 O-O 8. c3 d5 9. exd5 Nxd5 10. Nxe5 Nxe5 11. Rxe5 c6 12. d4 Bd6 13. Re1 Qh4 14. g3 Qh3 15. Bxd5 cxd5 16. Be3 Bg4 17. Qd3 f5 18. Qf1 Qh5 19. f4 Rae8 20. Nd2 Re6 21. Qg2 Kh8 22. Qxd5 Rh6 23. Qh1 g5 24. fxg5 Rg6 25. Bf4 Bxf4 26. gxf4 Bh3 27. Qf3 Bg4 28. Qg3 h6 29. h4 hxg5 30. hxg5 Rfg8 31. Kf2 Rxg5 32. fxg5 f4 33. Rh1 fxg3+ 34. Kxg3 Bh3 35. Rxh3 Rxg5+ 36. Kh2 1-0

[Event "67.ITA Provinciale VE"]
[Site "Santa Maria di Sala"]
[Date "2007.02.04"]
[Round "5.10"]
[White "Chiesa, Roberto"]
[Black "Casagrande, Corrado"]
[Result "1-0"]
[WhiteElo "1665"]
[BlackElo "1523"]
[Annotator "Gabriele Ballarin"]
[PlyCount "85"]
[EventDate "2007.01.27"]
[EventType "swiss"]
[EventRounds "6"]
[EventCountry "ITA"]

1. d4 d5 2. Nf3 Nf6 3. Bf4 e6 4. e3 Bd6 5. Ne5 O-O 6. Nd2 Nbd7 7. Bd3 Qe7 8. O-O c5 9. c3 a6 10. Qf3 c4 11. Bc2 Nb6 12. Qh3 Qc7 13. Bg5 h6 14. Bxf6 gxf6 15. Qxh6 f5 16. f4 Bxe5 17. fxe5 f6 18. Rf3 Rf7 19. exf6 Rh7 20. Qg6+ Kf8 21. Rg3 Qf7 22. Nf3 Nd7 23. Ne5 Qxg6 24. Rxg6 Nxe5 25. dxe5 b5 26. a4 bxa4 27. Bxa4 Rb8 28. Rb1 Rhb7 29. Rh6 Kg8 30. Be8 Rf7 31. Bxf7+ Kxf7 32. Rh7+ Kf8 33. Kf2 a5 34. Ra7 a4 35. Rxa4 Bd7 36. Ra7 Be8 37. h3 Bg6 38. Rg7 Be8 39. Ke1 Ba4 40. Kd2 Be8 41. g4 fxg4 42. hxg4 Bc6 43. Rh1 1-0

[Event "67.ITA Provinciale VE"]
[Site "Santa Maria di Sala"]
[Date "2007.02.04"]
[Round "5.12"]
[White "Polese, Marco"]
[Black "Ballarin, Pietro"]
[Result "0-1"]
[WhiteElo "1598"]
[BlackElo "1664"]
[Annotator "Gabriele Ballarin"]
[PlyCount "86"]
[EventDate "2007.01.27"]
[EventType "swiss"]
[EventRounds "6"]
[EventCountry "ITA"]

1. d4 Nf6 2. Bf4 d5 3. g3 e6 4. Nf3 Nbd7 5. Bg2 Bb4+ 6. c3 Be7 7. O-O O-O 8. Qc2 b6 9. Nfd2 Bb7 10. a4 c5 11. Na3 a6 12. Be3 Rc8 13. f3 cxd4 14. Bxd4 e5 15. Bf2 Nc5 16. Bh3 Rc7 17. b4 Ncd7 18. Qb2 Re8 19. Rac1 Rc8 20. Be3 h6 21. Rc2 Bd6 22. Rfc1 Qe7 23. Nb3 Bc6 24. a5 b5 25. Nc5 Nxc5 26. bxc5 Bxc5 27. Bxc5 Qxc5+ 28. Kg2 Rcd8 29. Qb4 Qe3 30. Rd1 e4 31. Rd4 exf3+ 32. exf3 Qe1 33. Rdd2 d4 34. Rxd4 Re2+ 35. Rxe2 Qxe2+ 36. Kg1 Re8 37. Qb1 Qxf3 38. Qf1 Qh1+ 39. Kf2 Qxh2+ 40. Bg2 Ne4+ 41. Rxe4 Bxe4 42. Nb1 Bxg2 43. Qxg2 Re2+ 0-1

[Event "67.ITA Provinciale VE"]
[Site "Santa Maria di Sala"]
[Date "2007.02.04"]
[Round "5.14"]
[White "Di Fresco, Michele"]
[Black "De Col, Daniele"]
[Result "0-1"]
[WhiteElo "1440"]
[BlackElo "1442"]
[Annotator "Gabriele Ballarin"]
[PlyCount "84"]
[EventDate "2007.01.27"]
[EventType "swiss"]
[EventRounds "6"]
[EventCountry "ITA"]

1. d4 d5 2. c4 c6 3. Nc3 Nf6 4. Bg5 Nbd7 5. Nf3 Qc7 6. e3 e5 7. cxd5 cxd5 8. Rc1 Qa5 9. Bb5 Ne4 10. O-O Nxc3 11. Bxd7+ Bxd7 12. Rxc3 Bb4 13. Rc1 e4 14. Ne5 Bb5 15. a3 Bd2 16. Rc5 f6 17. b4 Bxb4 18. axb4 Qxb4 19. Re1 fxg5 20. Qb1 Qxb1 21. Rxb1 Ba6 22. Rbc1 O-O 23. Rxd5 Rac8 24. Rdc5 b6 25. Rc7 h6 26. Ng6 Rxc7 27. Rxc7 Rf7 28. Rxf7 Kxf7 29. Ne5+ Ke6 30. Nc6 b5 31. Nb4 Bb7 32. f3 a5 33. Nc2 exf3 34. gxf3 Bxf3 35. Kf2 Be4 36. Na3 b4 37. Nc4 a4 38. Nd2 Bd3 39. Ke1 b3 40. Kd1 b2 41. e4 a3 42. d5+ Kd6 0-1

[Event "67.ITA Provinciale VE"]
[Site "Santa Maria di Sala"]
[Date "2007.02.04"]
[Round "6.1"]
[White "Trangoni, Bruno"]
[Black "Bianchi, Andrea"]
[Result "0-1"]
[WhiteElo "1970"]
[BlackElo "2140"]
[Annotator "Gabriele Ballarin"]
[PlyCount "88"]
[EventDate "2007.01.27"]
[EventType "swiss"]
[EventRounds "6"]
[EventCountry "ITA"]

1. Nf3 d5 2. d4 e6 3. e3 Nf6 4. Bd3 c5 5. c3 Bd6 6. Nbd2 Nbd7 7. O-O O-O 8. e4 dxe4 9. Nxe4 Nxe4 10. Bxe4 Nf6 11. Bc2 b6 12. Bg5 Ba6 13. Re1 h6 14. Bh4 Rc8 15. Ne5 Be7 16. Qf3 Qc7 17. Bxf6 Bxf6 18. Qe4 Rfd8 19. Qh7+ Kf8 20. Ng4 Qf4 21. Re4 Qf5 22. Nxf6 Qxf6 23. Rg4 cxd4 24. cxd4 Rxd4 25. Rxd4 Qxd4 26. Rd1 Qe5 27. Ba4 Ke7 28. h3 Rd8 29. Rxd8 Kxd8 30. Qg8+ Ke7 31. Qe8+ Kf6 32. Qd8+ Kg6 33. Bc2+ f5 34. Qe8+ Kh7 35. Qe7 Qe1+ 36. Kh2 Qxf2 37. Bb3 Bf1 38. Qb7 Qxb2 39. Qa8 Bd3 40. Qf3 Qe5+ 41. Kg1 Be4 42. Qe2 Qd4+ 43. Kh2 a5 44. Qh5 Qf2 0-1

[Event "67.ITA Provinciale VE"]
[Site "Santa Maria di Sala"]
[Date "2007.02.04"]
[Round "6.2"]
[White "Vianello, Enrico"]
[Black "Pechy, Alaster"]
[Result "1-0"]
[WhiteElo "2150"]
[BlackElo "2168"]
[Annotator "Gabriele Ballarin"]
[PlyCount "119"]
[EventDate "2007.01.27"]
[EventType "swiss"]
[EventRounds "6"]
[EventCountry "ITA"]

1. d4 Nf6 2. Bg5 e6 3. e3 c5 4. c3 h6 5. Bh4 Be7 6. Bd3 d5 7. f4 O-O 8. Nd2 b6 9. Qe2 Bb7 10. Bxf6 Bxf6 11. Ngf3 a5 12. h4 Ba6 13. g4 Bxd3 14. Qxd3 c4 15. Qe2 Be7 16. g5 h5 17. g6 fxg6 18. O-O-O Nd7 19. Rdg1 Qe8 20. Rg2 Rf6 21. Rhg1 Nf8 22. Ne5 Bd6 23. Ndf3 Bxe5 24. Nxe5 b5 25. Qc2 Kh7 26. Rg5 Rf5 27. e4 dxe4 28. Qxe4 Rc8 29. Nxg6 Nxg6 30. Rxg6 Qf7 31. Rxe6 Rf8 32. Re7 Qf6 33. Rg5 Kg8 34. Qxf5 Qxf5 35. Rxf5 (35. Rexg7+ Kh8 36. Rxf5 Rxf5 37. Rg5 Rxf4 38. Rxh5+ Kg7 39. Rxb5 Rxh4 40. a4) 35... Rxf5 36. Re4 b4 37. Kd2 Rf6 38. d5 Rg6 39. Rxc4 Rg2+ 40. Kd3 Rxb2 41. cxb4 axb4 42. Ke4 Kf7 43. Ke5 Re2+ 44. Kd6 Rxa2 45. Rxb4 Kf6 46. Kc7 Rc2+ 47. Kd7 Rh2 48. d6 Rxh4 49. Ke8 Rh1 50. Rd4 Re1+ 51. Kf8 Ra1 52. d7 Ra8+ 53. d8=Q+ Rxd8+ 54. Rxd8 g5 55. Rd5 gxf4 56. Rxh5 Kg6 57. Ra5 Kf6 58. Ke8 Ke6 59. Kd8 f3 60. Ra3 1-0

[Event "67.ITA Provinciale VE"]
[Site "Santa Maria di Sala"]
[Date "2007.02.04"]
[Round "6.3"]
[White "Biagioli, Valerio"]
[Black "Cedriano, Filippo"]
[Result "0-1"]
[WhiteElo "1628"]
[BlackElo "2029"]
[Annotator "Gabriele Ballarin"]
[PlyCount "74"]
[EventDate "2007.01.27"]
[EventType "swiss"]
[EventRounds "6"]
[EventCountry "ITA"]

1. d4 Nf6 2. c4 d6 3. Nc3 g6 4. e4 Bg7 5. Bd3 O-O 6. Nge2 e5 7. d5 a5 8. Bg5 h6 9. Bh4 g5 10. Bg3 Nh5 11. h3 Na6 12. Rc1 Nc5 13. Bb1 Bd7 14. a3 a4 15. Bc2 Qe8 16. f3 Nf4 17. Nxf4 exf4 18. Bf2 b6 19. Bd4 Be5 20. Qd2 f5 21. O-O g4 22. fxg4 fxg4 23. hxg4 Qg6 24. Bxe5 dxe5 25. d6 c6 26. Qf2 Bxg4 27. Qh4 Ra7 28. Bd1 h5 29. Bxg4 hxg4 30. Rcd1 Rh7 31. Qe1 g3 32. Rf3 Qh5 33. Kf1 Qh1+ 34. Ke2 Qxg2+ 35. Rf2 f3+ 36. Ke3 gxf2 37. Qxf2 Qg5# 0-1

[Event "67.ITA Provinciale VE"]
[Site "Santa Maria di Sala"]
[Date "2007.02.04"]
[Round "6.4"]
[White "Velluti, Alberto"]
[Black "Pomaro, Stefano"]
[Result "1-0"]
[WhiteElo "1997"]
[BlackElo "1901"]
[Annotator "Gabriele Ballarin"]
[PlyCount "91"]
[EventDate "2007.01.27"]
[EventType "swiss"]
[EventRounds "6"]
[EventCountry "ITA"]

1. e4 c6 2. d4 d5 3. exd5 cxd5 4. Nf3 Nc6 5. c4 Nf6 6. Nc3 Bg4 7. Be3 e6 8. c5 Ne4 9. Bb5 Nxc3 10. bxc3 Qa5 11. Qa4 Qxa4 12. Bxa4 Bxf3 13. gxf3 O-O-O 14. Bf4 e5 15. Bxc6 exf4 16. Ba4 h5 17. Kd2 Rh6 18. Rhe1 b6 19. cxb6 Rxb6 20. Rab1 Rxb1 21. Rxb1 Rd6 22. Re1 Re6 23. Bb3 Kd7 24. Bxd5 Rxe1 25. Kxe1 f6 26. Bf7 h4 27. Ke2 Ba3 28. Kd3 Ke7 29. Bg8 f5 30. c4 g5 31. Bd5 g4 32. fxg4 fxg4 33. c5 g3 34. fxg3 fxg3 35. hxg3 hxg3 36. Kc4 Bc1 37. Bg2 Bf4 38. Kb5 Kd7 39. d5 Kc7 40. d6+ Kb8 41. Kc6 Kc8 42. Bh3+ Kd8 43. Kb7 a5 44. a4 Be5 45. Kb6 Bc3 46. c6 1-0

[Event "67.ITA Provinciale VE"]
[Site "Santa Maria di Sala"]
[Date "2007.02.04"]
[Round "6.5"]
[White "Roberti, Ignazio"]
[Black "Biserni, Federica"]
[Result "1-0"]
[WhiteElo "1933"]
[BlackElo "1392"]
[Annotator "Gabriele Ballarin"]
[PlyCount "53"]
[EventDate "2007.01.27"]
[EventType "swiss"]
[EventRounds "6"]
[EventCountry "ITA"]

1. e4 e5 2. f4 exf4 3. Nf3 g5 4. h4 Be7 5. hxg5 Bxg5 6. d4 d6 7. Bc4 Bg4 8. c3 Bxf3 9. Qxf3 Bh4+ 10. Kf1 Bf6 11. Bxf4 Nc6 12. Nd2 Qd7 13. b4 O-O-O 14. a4 Rf8 15. a5 a6 16. b5 Nb8 17. bxa6 Nxa6 18. Rh5 c6 19. Rb1 Bd8 20. Qe2 Nf6 21. Bxa6 Nxh5 22. Bxb7+ Qxb7 23. Rxb7 Kxb7 24. Qxh5 Bxa5 25. Qxa5 Ra8 26. Qb4+ Ka6 27. Nc4 1-0

[Event "67.ITA Provinciale VE"]
[Site "Santa Maria di Sala"]
[Date "2007.02.04"]
[Round "6.6"]
[White "Civitareale, Alberto"]
[Black "Marson, Luca"]
[Result "1/2-1/2"]
[WhiteElo "1926"]
[BlackElo "1661"]
[Annotator "Gabriele Ballarin"]
[PlyCount "89"]
[EventDate "2007.01.27"]
[EventType "swiss"]
[EventRounds "6"]
[EventCountry "ITA"]

1. e4 c5 2. Nf3 Nc6 3. d4 cxd4 4. Nxd4 Nf6 5. Nc3 d6 6. Bc4 e6 7. Bg5 Be7 8. Qd2 O-O 9. O-O-O a6 10. f4 Qc7 11. f5 Ne5 12. Bb3 Nc4 13. Qe2 b5 14. Ndxb5 axb5 15. Nxb5 Qa5 16. Bxc4 Ba6 17. Nxd6 Qxa2 18. Bxa2 Bxe2 19. Kb1 Bxd1 20. Rxd1 Bxd6 21. Bxf6 Bxh2 22. Be7 Rfe8 23. Rd7 exf5 24. exf5 Bg1 25. c3 Ra7 26. Rxa7 Bxa7 27. f6 gxf6 28. Bxf6 Re1+ 29. Kc2 Re2+ 30. Kb3 Rxg2 31. c4 h5 32. Kb4 Rf2 33. Be5 h4 34. c5 Bb8 35. Bxb8 Rxb2+ 36. Bb3 h3 37. Be5 h2 38. Bxh2 Rxh2 39. c6 Kg7 40. Kc5 Kf6 41. c7 Rh3 42. c8=Q Rxb3 43. Qc6+ Kg7 44. Qg2+ Kf8 45. Qa8+ 1/2-1/2

[Event "67.ITA Provinciale VE"]
[Site "Santa Maria di Sala"]
[Date "2007.02.04"]
[Round "6.7"]
[White "Goattin, Luca"]
[Black "Tamburrini, Pierluigi"]
[Result "0-1"]
[WhiteElo "1600"]
[BlackElo "1852"]
[Annotator "Gabriele Ballarin"]
[PlyCount "44"]
[EventDate "2007.01.27"]
[EventType "swiss"]
[EventRounds "6"]
[EventCountry "ITA"]

1. e4 g6 2. d4 Bg7 3. Nc3 d6 4. Be3 e6 5. Nf3 b6 6. Bd3 Bb7 7. O-O Ne7 8. Qd2 h6 9. Rfe1 Nd7 10. Rad1 c5 11. Bf1 Nf6 12. Bb5+ Bc6 13. Bf4 Nh5 14. Be3 a6 15. Bxc6+ Nxc6 16. d5 Ne5 17. Nxe5 Bxe5 18. f4 Bxc3 19. bxc3 e5 20. fxe5 dxe5 21. Bxh6 Qh4 22. Qg5 Nf4 0-1

[Event "67.ITA Provinciale VE"]
[Site "Santa Maria di Sala"]
[Date "2007.02.04"]
[Round "6.8"]
[White "Chiesa, Roberto"]
[Black "Camilla, Giulio"]
[Result "1/2-1/2"]
[WhiteElo "1665"]
[BlackElo "1403"]
[Annotator "Gabriele Ballarin"]
[PlyCount "62"]
[EventDate "2007.01.27"]
[EventType "swiss"]
[EventRounds "6"]
[EventCountry "ITA"]

1. d4 Nf6 2. Nf3 c5 3. d5 d6 4. c4 g6 5. Nc3 Bg7 6. e4 O-O 7. Bd3 e6 8. O-O a6 9. a4 exd5 10. cxd5 Bg4 11. h3 Bxf3 12. Qxf3 Nbd7 13. Bf4 Qb6 14. Qe2 Nh5 15. Bh2 Be5 16. a5 Bxh2+ 17. Kxh2 Qc7 18. f4 Rae8 19. g4 Ng7 20. Qg2 Qd8 21. Rg1 Qh4 22. Raf1 Rd8 23. Nd1 Kh8 24. Ne3 Qe7 25. Nc4 Ne8 26. Qg3 Rg8 27. e5 Rf8 28. Re1 dxe5 29. fxe5 Ng7 30. Rgf1 Kg8 31. Qg2 Rb8 1/2-1/2

[Event "67.ITA Provinciale VE"]
[Site "Santa Maria di Sala"]
[Date "2007.02.04"]
[Round "6.9"]
[White "Zanetto, Marco"]
[Black "Urbinati, Niccolò"]
[Result "0-1"]
[WhiteElo "1822"]
[BlackElo "1503"]
[Annotator "Gabriele Ballarin"]
[PlyCount "76"]
[EventDate "2007.01.27"]
[EventType "swiss"]
[EventRounds "6"]
[EventCountry "ITA"]

1. d4 d5 2. Nf3 Nf6 3. Nbd2 c5 4. e3 Nc6 5. c3 Qc7 6. Bd3 e5 7. dxe5 Nxe5 8. Nxe5 Qxe5 9. Nf3 Qc7 10. O-O Bd6 11. h3 Be6 12. Ng5 O-O-O 13. Nxe6 fxe6 14. c4 h5 15. cxd5 exd5 16. Qa4 Kb8 17. Bd2 b6 18. b4 c4 19. Rac1 Rdf8 20. Bc3 Ng4 21. hxg4 hxg4 22. f4 gxf3 23. gxf3 Bh2+ 24. Kf2 Qg3+ 25. Ke2 Qg2+ 26. Rf2 cxd3+ 27. Kxd3 Qxf2 28. Bxg7 Rc8 29. Bxh8 Rxc1 30. Qe8+ Rc8 31. Be5+ Bxe5 32. Qxe5+ Rc7 33. Qxd5 Qc2+ 34. Kd4 Qc3+ 35. Ke4 Qc4+ 36. Qxc4 Rxc4+ 37. Kd5 b5 38. e4 Kc7 0-1

[Event "67.ITA Provinciale VE"]
[Site "Santa Maria di Sala"]
[Date "2007.02.04"]
[Round "6.10"]
[White "Fano, Gabriel"]
[Black "Chiodini, Sebastiano"]
[Result "1-0"]
[WhiteElo "1536"]
[BlackElo "1428"]
[Annotator "Gabriele Ballarin"]
[PlyCount "80"]
[EventDate "2007.01.27"]
[EventType "swiss"]
[EventRounds "6"]
[EventCountry "ITA"]

1. e4 e5 2. Nf3 Nc6 3. Bc4 Nf6 4. O-O Nxe4 5. d4 d5 6. Bb5 Bd7 7. Bxc6 Bxc6 8. Nxe5 Bb5 9. Re1 Be7 10. c4 Ba6 11. Qa4+ Kf8 12. Nd7+ Kg8 13. cxd5 Nf6 14. Nxf6+ Bxf6 15. Bf4 g6 16. Nc3 Kg7 17. Be5 Rf8 18. Re3 Kg8 19. Rae1 Bg5 20. Rf3 Re8 21. Qd1 Bc4 22. Rg3 f6 23. b3 Bxd5 24. Nxd5 Qxd5 25. Bxc7 Rxe1+ 26. Qxe1 Rc8 27. Rc3 Bf4 28. Bxf4 Rxc3 29. Qxc3 Qf5 30. Qc1 g5 31. Be3 h5 32. Qc4+ Kg7 33. Qc7+ Kg6 34. Qc1 h4 35. h3 g4 36. hxg4 Qxg4 37. Qc2+ f5 38. f3 Qg3 39. Qf2 f4 40. Qxg3+ hxg3 1-0

[Event "67.ITA Provinciale VE"]
[Site "Santa Maria di Sala"]
[Date "2007.02.04"]
[Round "6.11"]
[White "De Col, Daniele"]
[Black "Franceschini, Corrado"]
[Result "0-1"]
[WhiteElo "1440"]
[BlackElo "1527"]
[Annotator "Gabriele Ballarin"]
[PlyCount "80"]
[EventDate "2007.01.27"]
[EventType "swiss"]
[EventRounds "6"]
[EventCountry "ITA"]

1. Nf3 c5 2. g3 b6 3. Bg2 Bb7 4. c3 Nf6 5. O-O e6 6. Re1 d5 7. d4 Nbd7 8. Ne5 Nxe5 9. dxe5 Nd7 10. Qa4 a6 11. Qg4 Nxe5 12. Qg5 f6 13. Qh5+ Ng6 14. c4 Qd7 15. cxd5 exd5 16. e4 dxe4 17. Bxe4 Bxe4 18. Rxe4+ Be7 19. Nc3 O-O 20. b3 f5 21. Re1 Bf6 22. Bb2 Qd2 23. Re2 Qd7 24. Rb1 Rae8 25. Qf3 Rxe2 26. Qxe2 f4 27. Ne4 Bxb2 28. Rxb2 f3 29. Qf1 Qd4 30. Qc4+ Kh8 31. Qxd4 cxd4 32. Rd2 Rd8 33. Ng5 Ne5 34. h4 h6 35. Ne6 Rd6 36. Nf4 d3 37. Kh2 g5 38. Nh3 Rc6 39. hxg5 Rc2 40. Rxc2 dxc2 0-1

[Event "67.ITA Provinciale VE"]
[Site "Santa Maria di Sala"]
[Date "2007.02.04"]
[Round "6.12"]
[White "Ballarin, Pietro"]
[Black "Casagrande, Corrado"]
[Result "1-0"]
[WhiteElo "1664"]
[BlackElo "1523"]
[Annotator "Gabriele Ballarin"]
[PlyCount "93"]
[EventDate "2007.01.27"]
[EventType "swiss"]
[EventRounds "6"]
[EventCountry "ITA"]

1. e4 c5 2. Nf3 d6 3. d4 cxd4 4. Nxd4 g6 5. Bc4 Nf6 6. f3 Bg7 7. Bb3 O-O 8. Nc3 Nc6 9. Be3 Na5 10. Qd2 Nxb3 11. Nxb3 Re8 12. O-O-O a5 13. a3 Bd7 14. Nd4 Rb8 15. Ndb5 Bc6 16. g4 Nd7 17. Qf2 b6 18. h4 Ne5 19. Bd4 a4 20. g5 Qd7 21. Bxe5 Bxe5 22. Nd4 Bf4+ 23. Kb1 b5 24. Nce2 Be5 25. c3 Rbc8 26. h5 e6 27. hxg6 fxg6 28. Rh3 Rf8 29. Rdh1 Bxe4+ 30. Ka1 Rc7 31. Qe3 Ba8 32. Qd3 Qe8 33. Nxb5 Re7 34. Ned4 Qd7 35. Qc4 Bd5 36. Qxa4 Bxd4 37. cxd4 Rxf3 38. Qb4 Rxh3 39. Rxh3 Qc6 40. Rc3 Qa6 41. a4 Rf7 42. b3 Rf1+ 43. Kb2 Rf2+ 44. Ka3 Rg2 45. Nxd6 Qa7 46. Rc8+ Kg7 47. Nf5+ 1-0